000 00839cab a2200289 4500
001 WB3217-50
008 090401t1996 xxu||||| |||| 00| 0 eng d
035 _a(Sirsi) u9166
041 _aeng
245 _aRailtrack property development
260 _c1996
350 _a0
490 _aObserver
_v28 April 1996, 4(2)
520 _aRailtrack plans to convert parts of its larger stations into shopping malls and office complexes to boost profits after privatisation.
650 _aOFFICE DEVELOPMENT
650 _aPRIVATISATION
650 _aPROPERTY ASSETS
650 _aRAILTRACK
650 _aRAILWAY STATIONS
650 _aRAILWAYS
650 _aREDEVELOPMENT
650 _aSHOPPING MALLS
690 _aPROPERTY-PROPERTY DEVELOPMENT
690 _aTRANSPORT AND COMMUNICATIONS
942 _n0
948 _c04/03/1997
999 _c5687
_d5687